000 00769cam a2200265 a 4500
005 20260322212034.0
008 data
010 _a 2005360883
015 _aGBA3-Y0683
020 _a0750932651
020 _a9780750932653
040 _aUKM
_cUKM
_dDLC
_dOCLCQ
_dDLC
042 _alccopycat
043 _ae-uk---
050 0 0 _aDA591.A45
_bW55544 2003
082 0 4 _a941.0858092
_221
100 1 _aHoey, Brian.
245 1 0 _aPrince William /
_cBrian Hoey.
260 _aPhoenix Mill :
_bSutton,
_c2003.
300 _axx, 196 p. :
_bill. (chiefly col.), ports. (chiefly col.) ;
_c26 cm.
500 _aIncludes index.
600 0 0 _aWilliam,
_cPrince, grandson of Elizabeth II, Queen of Great Britain,
_d1982-
650 0 _aPrinces
_zGreat Britain
_vBiography.
001 data
999 _c777
_d777